000
00271nam a22001217a 4500
008
181015b xxu||||| |||| 00| 0 eng d
041
_a
eng
080
_a
101
100
_a
24
101
_a
FIL
245
_a
Philosophy Of Recent Times
_c
James.B.H
942
_2
udc
_c
BK
999
_c
49705
_d
49705